Adivina el país por sus famosos - Estadísticas

Estadísticas generales
  • Esta prueba ha sido intentada 97 veces
  • La puntuación promedio es 15 de 16
Estadísticas de respuestas
Imagen Respuesta % Correcto
Argentina
100%
Corea del Norte
100%
Portugal
100%
Rusia
100%
Brasil
99%
China
98%
Colombia
98%
España
98%
Estados Unidos
96%
Francia
96%
India
96%
Corea del Sur
95%
Reino Unido
95%
Italia
83%
Países Bajos
76%
Sudáfrica
61%
No se encontraron pruebas coincidentes
Distribución de puntuación
Porcentaje de gente con cada puntuación
Porcentaje por número respondido
Historial de tus puntuaciones
No has intentado esta prueba.